LEADER 01319nam a2200289 a 4500 001 000000125362 003 CaOOAMICUS 005 20120308130713.0 008 110518s2011 it 000 u ita r 020 $a978-88-8272-576-1 040 $aPUL$bita 100 1 $aGotia, Oana.$0(OLS)http://pul/name/66110 245 12$aL'amore e il suo fascino :$bbellezza e castità nella prospettiva di San Tommaso d'Aquino /$cOana Gotia. 260 $aSiena :$bCantagalli,$c©2011. 300 $a490 p.$c24 cm 490 1 $aStudi sulla persona e la famiglia. Tesi ;$v6 504 $aBibliografia p. [433]-481. 600 04$aThomas Aquinas,$cs.,$dc. 1225-1274$xTeologia.$0(OLS)http://pul/subject/9426 650 4$aAmore (teologia).$0(OLS)http://pul/subject/20975 830 0$aStudi sulla persona e la famiglia.$pTesi ;$v6.$0(OLS)http://pul/title/158071 850 $aPUL 852 $aPUL$W1$xDP1 Tesi Ist.Giovanni Paolo II$y67$m2011 B 1$j143877$qTesi$B146645$CPULBib$Z2$F146645 $H117173 $82 941 1 $a9 996 $6020$a978-88-8272-576-1$9(OLS)http://pul/number/147211 996 $6245$aL'amore e il suo fascino :$bbellezza e castità nella prospettiva di San Tommaso d'Aquino$9(OLS)http://pul/title/158070 996 $6260$aSiena :$bCantagalli$9(OLS)http://pul/publisher/48759 LEADER 01241nam a2200289 a 4500 001 000000170767 003 CaOOAMICUS 005 20181128102536.0 008 181128s1999 pau u000 u eng r 020 $a1-56338-288-1* 032 $aLibriCat 040 $aPUL$bita 082 04$a215 245 00$aGod, humanity and the cosmos :$ba textbook in science and religion /$cChristopher Southgate ... [et al.]. 260 $aHarrisburg, Pennsylvania :$bTrinity Press International,$c1999. 300 $aXXVIII, 449 p. ;$c23 cm. 504 $aBibliografia : p. 401-432. 650 4$aDio$xEsistenza.$0(OLS)http://pul/subject/5003 700 1 $aSouthgate, Christopher.$0(OLS)http://pul/name/109827 850 $aPUL 852 $aPUL$W1$xDP2 Religione 3$y114$m215 SOUCH 1$j193900$qDDC 21$B199268$CPULBib$Z2$F199268 $H131733 $81 941 1 $a9 996 $6020$a1-56338-288-1*$9(OLS)http://pul/number/165392 996 $6082$a215$9(OLS)http://pul/classification/503 996 $6245$aGod, humanity and the cosmos :$ba textbook in science and religion$9(OLS)http://pul/title/211591 996 $6260$aHarrisburg, Pennsylvania :$bTrinity Press International$9(OLS)http://pul/publisher/66869